[Event "Stillwater Thanksgiving op 4th"]
[Site "Stillwater"]
[Date "2012.11.24"]
[Round "6"]
[White "Johnson, Chuck"]
[Black "Wolf, Alexander"]
[Result "1-0"]
[WhiteElo "1929"]
[BlackElo "1847"]
[PlyCount "57"]
[EventDate "2012.11.23"]
[EventType "swiss"]
[EventRounds "8"]
[EventCountry "USA"]
[SourceTitle "CBM 151 Extra"]
[Source "ChessBase"]
[SourceDate "2012.12.18"]
[SourceVersion "1"]
[SourceVersionDate "2012.12.18"]
[SourceQuality "1"]

1. d4 Nf6 2. c4 g6 3. Nc3 Bg7 4. e4 d6 5. Be2 c6 6. Bg5 Nbd7 7. Nf3 Qc7 8. 0-0 0-0 9. h3 a5 10. Re1 e5 11. dxe5 dxe5 12. Qc2 Nc5 13. Bf1 Be6 14. Be3 Na6 15. a3 h6 16. Na4 Nd7 17. c5 f5 18. Bc4 Bxc4 19. Qxc4+ Kh7 20. Rad1 f4 21. Bd2 Rf6 22. Bxa5 Qxa5 23. Rxd7 Rb8 24. Red1 Rff8 25. R1d6 Rfd8 26. Qf7 Rxd7 27. Qxg6+ Kh8 28. Rxd7 Rg8 29. Ng5 1-0

[Event "Stillwater Thanksgiving op 4th"]
[Site "Stillwater"]
[Date "2012.11.24"]
[Round "4"]
[White "Latino, Carl D"]
[Black "Johnson, Chuck"]
[Result "0-1"]
[WhiteElo "1931"]
[BlackElo "1929"]
[PlyCount "82"]
[EventDate "2012.11.23"]
[EventType "swiss"]
[EventRounds "8"]
[EventCountry "USA"]
[SourceTitle "CBM 151 Extra"]
[Source "ChessBase"]
[SourceDate "2012.12.18"]
[SourceVersion "1"]
[SourceVersionDate "2012.12.18"]
[SourceQuality "1"]

1. d4 Nf6 2. Nf3 e6 3. Bg5 Be7 4. e3 d5 5. Nbd2 0-0 6. Bd3 b6 7. Ne5 Bb7 8. 0-0 h6 9. Bh4 Nfd7 10. Bxe7 Qxe7 11. f4 c5 12. c3 Nc6 13. Qh5 Nf6 14. Qh3 Ne4 15. Ndf3 Kh7 16. Ng5+ Kg8 17. Nxe4 Nxe5 18. Nf6+ Qxf6 19. fxe5 Qe7 20. Rf3 f6 21. Raf1 fxe5 22. Rxf8+ Rxf8 23. Rxf8+ Kxf8 24. dxe5 d4 25. exd4 cxd4 26. cxd4 Qb4 27. Qe3 Qxb2 28. Qf2+ Qxf2+ 29. Kxf2 a6 30. g3 b5 31. Ke3 Bc6 32. Be4 Be8 33. d5 exd5 34. Bxd5 a5 35. Kd4 b4 36. Kc5 Ke7 37. Kb6 a4 38. Kc5 b3 39. axb3 a3 40. b4 Bf7 41. b5 Bxd5 0-1

[Event "Stillwater Fall op"]
[Site "Stillwater"]
[Date "2012.10.07"]
[Round "5"]
[White "Johnson, Chuck"]
[Black "Xie, Tianming"]
[Result "1-0"]
[WhiteElo "1922"]
[BlackElo "1815"]
[PlyCount "49"]
[EventDate "2012.10.06"]
[EventType "swiss"]
[EventRounds "5"]
[EventCountry "USA"]
[SourceTitle "CBM 150 Extra"]
[Source "ChessBase"]
[SourceDate "2012.10.19"]
[SourceVersion "1"]
[SourceVersionDate "2012.10.19"]
[SourceQuality "1"]

1. e4 e5 2. Nf3 Nc6 3. Bb5 Nge7 4. d3 g6 5. 0-0 Bg7 6. Qe2 h6 7. Nc3 0-0 8. h3 d6 9. Bd2 Be6 10. Bxc6 bxc6 11. Rae1 f5 12. Kh2 f4 13. Ng1 g5 14. b3 Ng6 15. Rc1 g4 16. hxg4 Qh4+ 17. Nh3 Bxg4 18. f3 Qg3+ 19. Kh1 Bxh3 20. Be1 Bxg2+ 21. Qxg2 Qxg2+ 22. Kxg2 Kf7 23. Kh3 Rg8 24. Bf2 a6 25. Rg1 1-0

[Event "Stillwater Hanken Winter op 3rd"]
[Site "Stillwater"]
[Date "2012.02.20"]
[Round "7"]
[White "Johnson, Chuck"]
[Black "Orton, William R"]
[Result "0-1"]
[WhiteElo "1890"]
[BlackElo "2165"]
[PlyCount "86"]
[EventDate "2012.02.18"]
[EventType "swiss"]
[EventRounds "8"]
[EventCountry "USA"]
[SourceTitle "CBM 147 Extra"]
[Source "ChessBase"]
[SourceDate "2012.04.24"]
[SourceVersion "1"]
[SourceVersionDate "2012.04.24"]
[SourceQuality "1"]

1. d4 Nf6 2. c4 b6 3. Nc3 Bb7 4. f3 d5 5. cxd5 Nxd5 6. e4 Nxc3 7. bxc3 e5 8. Bc4 exd4 9. Qb3 Qf6 10. cxd4 Nc6 11. Ne2 0-0-0 12. Bxf7 Nxd4 13. Nxd4 Qxd4 14. Rb1 Bc5 15. Rb2 Bb4+ 16. Qxb4 Qd1+ 17. Kf2 Qxh1 18. Bf4 Qd1 19. Qc4 Qd4+ 20. Qxd4 Rxd4 21. Be5 Rd1 22. Bxg7 Rhd8 23. Bh6 R8d6 24. Bb3 Rh1 25. Bf4 Rf6 26. Be5 Rc6 27. Rd2 Ba6 28. g4 Rc5 29. Kg2 Rb1 30. Be6+ Kb7 31. Bf4 Bc4 32. Bf5 Ra1 33. Be3 Ra5 34. Rd8 R5xa2+ 35. Kg3 c5 36. e5 Re2 37. Bf4 a5 38. Rd7+ Ka6 39. Rxh7 a4 40. Rh8 a3 41. e6 a2 42. e7 Rg1+ 43. Kh3 Rxe7 0-1

[Event "Stillwater Hanken Winter op 3rd"]
[Site "Stillwater"]
[Date "2012.02.19"]
[Round "5"]
[White "Johnson, Chuck"]
[Black "Kelly, Joey M"]
[Result "1-0"]
[WhiteElo "1890"]
[BlackElo "1847"]
[PlyCount "101"]
[EventDate "2012.02.18"]
[EventType "swiss"]
[EventRounds "8"]
[EventCountry "USA"]
[SourceTitle "CBM 147 Extra"]
[Source "ChessBase"]
[SourceDate "2012.04.24"]
[SourceVersion "1"]
[SourceVersionDate "2012.04.24"]
[SourceQuality "1"]

1. d4 d5 2. c4 e6 3. Nc3 Nf6 4. Nf3 c6 5. Bg5 Nbd7 6. e3 Qa5 7. Nd2 Bb4 8. Qc2 dxc4 9. Bxf6 Nxf6 10. Nxc4 Qc7 11. Bd3 0-0 12. 0-0 h6 13. h3 Nd7 14. a3 Be7 15. b4 e5 16. d5 Re8 17. e4 cxd5 18. Nxd5 Qd8 19. Rac1 Nf6 20. Rfd1 Bd6 21. Nxd6 Qxd6 22. Nc7 Bd7 23. Nxa8 Rxa8 24. Bb5 Qe6 25. Bxd7 Nxd7 26. Qc7 Nf6 27. Rd6 Qe8 28. Rcd1 Kh7 29. Qxb7 Rb8 30. Qc6 Qe7 31. Qc4 Rb7 32. Rc6 Rd7 33. Rxd7 Qxd7 34. Rc7 Qd1+ 35. Kh2 Qd2 36. Qxf7 Qf4+ 37. Kg1 Qg5 38. h4 Qg4 39. Qxf6 Qg6 40. Qxg6+ Kxg6 41. g4 h5 42. g5 Kh7 43. Kh2 Kh8 44. Kg3 Kh7 45. b5 Kg6 46. f4 exf4+ 47. Kxf4 Kh7 48. Kf5 Kg8 49. g6 Kf8 50. Ke6 Ke8 51. Rc8# 1-0

[Event "Stillwater Thanksgiving op 3rd"]
[Site "Stillwater"]
[Date "2011.11.26"]
[Round "4"]
[White "Johnson, Chuck"]
[Black "Latino, Carl D"]
[Result "1-0"]
[WhiteElo "1885"]
[BlackElo "2018"]
[PlyCount "119"]
[EventDate "2011.11.25"]
[EventType "swiss"]
[EventRounds "8"]
[EventCountry "USA"]
[SourceTitle "CBM 145 Extra"]
[Source "ChessBase"]
[SourceDate "2012.01.03"]
[SourceVersion "1"]
[SourceVersionDate "2012.01.03"]
[SourceQuality "1"]

1. d4 f5 2. c4 Nf6 3. Nf3 e6 4. g3 d5 5. Bg2 Be7 6. 0-0 0-0 7. b3 Ne4 8. Bb2 Nd7 9. Qc2 c6 10. Ne5 Ndf6 11. f3 Ng5 12. Nd2 Nd7 13. Nd3 Nf6 14. a4 Bd7 15. a5 a6 16. e3 Be8 17. Ba3 Nh5 18. Bxe7 Qxe7 19. e4 fxe4 20. fxe4 Nf6 21. exd5 exd5 22. Rae1 Qd8 23. cxd5 Nxd5 24. Rxf8+ Kxf8 25. h4 Nf7 26. Nc5 Qxa5 27. Bh3 Qc3 28. Qxc3 Nxc3 29. Nc4 Nd5 30. Nxb7 Nf6 31. Nc5 Nh6 32. Ne5 Nd5 33. g4 Nf7 34. g5 Nxe5 35. dxe5 Ke7 36. Ra1 Nf4 37. Bg4 Ng6 38. h5 Nxe5 39. Be2 Rd8 40. Rxa6 Rd2 41. Ra7+ Bd7 42. Kf2 Rc2 43. b4 Kd6 44. Ke3 g6 45. h6 Rb2 46. Rb7 Ra2 47. Rb8 Ra3+ 48. Kf4 Ra2 49. Bd1 Rf2+ 50. Ke3 Rf7 51. Bb3 Ng4+ 52. Kd4 Rf4+ 53. Ne4+ Kc7 54. Rh8 Bf5 55. Rxh7+ Kb8 56. Re7 Rf3 57. h7 Rh3 58. Nc5 Bc8 59. Bc4 Nh2 60. Na4 1-0

[Event "Oklahoma City op"]
[Site "Oklahoma"]
[Date "2011.11.13"]
[Round "5"]
[White "Johnson, Chuck"]
[Black "Wawrzaszek, Jason"]
[Result "1/2-1/2"]
[WhiteElo "1885"]
[BlackElo "1991"]
[PlyCount "108"]
[EventDate "2011.11.12"]
[EventType "swiss"]
[EventRounds "5"]
[EventCountry "USA"]
[SourceTitle "EXT 2012"]
[Source "ChessBase"]
[SourceDate "2011.11.24"]
[SourceVersion "1"]
[SourceVersionDate "2011.11.24"]
[SourceQuality "1"]

1. d4 d5 2. c4 c6 3. Nc3 Nf6 4. Nf3 e6 5. Bg5 dxc4 6. e4 b5 7. e5 h6 8. Bh4 g5 9. Nxg5 hxg5 10. Bxg5 Nbd7 11. exf6 Bb7 12. g3 Qc7 13. Bg2 c5 14. d5 b4 15. d6 Qb6 16. Ne4 0-0-0 17. Qe2 Bd5 18. Rd1 Bxd6 19. Nxd6+ Qxd6 20. Bf4 Qc6 21. Bxd5 exd5 22. 0-0 d4 23. f3 d3 24. Qe4 Qxe4 25. fxe4 Rde8 26. e5 Nxe5 27. Rc1 Nd7 28. Rxc4 Re2 29. g4 Rxb2 30. Rd1 Re8 31. g5 Rc2 32. Rxc2 dxc2 33. Rc1 Re4 34. Bd2 a5 35. Rxc2 a4 36. h3 b3 37. axb3 axb3 38. Rb2 c4 39. g6 fxg6 40. f7 Re5 41. Bc3 Rf5 42. Rf2 Rxf2 43. Kxf2 Kd8 44. Bf6+ Kc7 45. Be5+ Kc6 46. Ke3 Kd5 47. Bc3 Nf8 48. Bb2 Ne6 49. Kd2 Nf8 50. Bg7 Ke6 51. Bxf8 Kxf7 52. Ba3 g5 53. Kc3 Kg6 54. Bc1 Kh5 1/2-1/2

[Event "Oklahoma City op"]
[Site "Oklahoma"]
[Date "2011.11.12"]
[Round "1"]
[White "Johnson, Chuck"]
[Black "Maldonado, Ernest Jr"]
[Result "1-0"]
[WhiteElo "1885"]
[BlackElo "1759"]
[PlyCount "73"]
[EventDate "2011.11.12"]
[EventType "swiss"]
[EventRounds "5"]
[EventCountry "USA"]
[SourceTitle "EXT 2012"]
[Source "ChessBase"]
[SourceDate "2011.11.24"]
[SourceVersion "1"]
[SourceVersionDate "2011.11.24"]
[SourceQuality "1"]

1. d4 Nf6 2. c4 g6 3. Nc3 d5 4. cxd5 Nxd5 5. e4 Nxc3 6. bxc3 Bg7 7. Bc4 c5 8. Ne2 Nc6 9. Be3 0-0 10. 0-0 Na5 11. Bd3 b6 12. Rc1 e5 13. Qd2 Re8 14. Bg5 f6 15. Bh6 Be6 16. Bxg7 Kxg7 17. Bb5 Bc4 18. Bxe8 Qxe8 19. dxe5 Rd8 20. exf6+ Kxf6 21. Qe3 Bxa2 22. f4 Bb3 23. f5 g5 24. h4 h6 25. hxg5+ hxg5 26. Qh3 Qh8 27. e5+ Kxe5 28. Qe3+ Kf6 29. Ng3 Qe8 30. Ne4+ Kf7 31. Nxg5+ Kg8 32. Ne6 Rd7 33. Qg5+ Kh8 34. Qh6+ Rh7 35. Qf6+ Kg8 36. Rf4 Bd1 37. Qg6+ 1-0

[Event "Oklahoma City op 66th"]
[Site "Oklahoma"]
[Date "2011.07.10"]
[Round "5"]
[White "Johnson, Chuck"]
[Black "O'Hare, Ciaran"]
[Result "0-1"]
[WhiteElo "1857"]
[BlackElo "1932"]
[PlyCount "80"]
[EventDate "2011.07.09"]
[EventType "swiss"]
[EventRounds "5"]
[EventCountry "USA"]
[SourceTitle "CBM 143 Extra"]
[Source "ChessBase"]
[SourceDate "2011.08.29"]
[SourceVersion "1"]
[SourceVersionDate "2011.08.29"]
[SourceQuality "1"]

1. d4 d5 2. c4 c6 3. Nf3 a6 4. g3 Bf5 5. Nc3 e6 6. Bg2 Nf6 7. Qb3 Qc8 8. Bf4 Nbd7 9. a4 Ne4 10. a5 Bd6 11. c5 Bxf4 12. gxf4 Nxc3 13. Qxc3 Be4 14. Rg1 f6 15. 0-0-0 Qc7 16. e3 Bxf3 17. Bxf3 Rg8 18. f5 exf5 19. Rg2 0-0-0 20. Rdg1 g6 21. b4 Rge8 22. h4 f4 23. h5 fxe3 24. fxe3 Nf8 25. Qd2 f5 26. Qf2 Re6 27. Rh1 Rde8 28. Kd2 Kb8 29. hxg6 hxg6 30. Rh8 f4 31. exf4 Qxf4+ 32. Kc2 Ka7 33. Bg4 Qe4+ 34. Kb2 Rf6 35. Qd2 Rf1 36. Kc3 Qb1 37. Qd3 Qa1+ 38. Rb2 Rf2 39. Qb1 Re3+ 40. Qd3 Qxb2# 0-1

[Event "Oklahoma City op 66th"]
[Site "Oklahoma"]
[Date "2011.07.10"]
[Round "4"]
[White "Kline, Les"]
[Black "Johnson, Chuck"]
[Result "0-1"]
[WhiteElo "1852"]
[BlackElo "1857"]
[PlyCount "22"]
[EventDate "2011.07.09"]
[EventType "swiss"]
[EventRounds "5"]
[EventCountry "USA"]
[SourceTitle "CBM 143 Extra"]
[Source "ChessBase"]
[SourceDate "2011.08.29"]
[SourceVersion "1"]
[SourceVersionDate "2011.08.29"]
[SourceQuality "1"]

1. d4 Nf6 2. Nf3 g6 3. Nc3 c5 4. d5 Bg7 5. e4 d6 6. Be2 0-0 7. Bf4 Na6 8. Qd2 Qb6 9. 0-0-0 Nxe4 10. Qd3 Bf5 11. Qb5 Nxc3 0-1

[Event "North American op 30th"]
[Site "Stillwater"]
[Date "2011.05.28"]
[Round "4"]
[White "Johnson, Chuck"]
[Black "Claassen, Chris"]
[Result "0-1"]
[WhiteElo "1856"]
[BlackElo "2049"]
[PlyCount "82"]
[EventDate "2011.05.27"]
[EventType "swiss"]
[EventRounds "11"]
[EventCountry "USA"]
[SourceTitle "CBM 142 Extra"]
[Source "ChessBase"]
[SourceDate "2011.06.27"]
[SourceVersion "1"]
[SourceVersionDate "2011.06.27"]
[SourceQuality "1"]

1. d4 d5 2. c4 e5 3. dxe5 d4 4. Nf3 Nc6 5. e3 Bb4+ 6. Nbd2 Bg4 7. a3 dxe3 8. axb4 exd2+ 9. Bxd2 Qe7 10. Qa4 Bxf3 11. gxf3 Qxe5+ 12. Be3 Nge7 13. b5 Nd4 14. 0-0-0 Nef5 15. f4 Qf6 16. Bg2 0-0 17. Rhe1 c6 18. Qb4 Nxe3 19. Rxe3 Nf5 20. Red3 Nh4 21. Bh1 Qxf4+ 22. Kb1 Qf5 23. Ka1 a5 24. Qc3 Ng6 25. bxc6 bxc6 26. Bxc6 Rab8 27. Bd5 Qh5 28. Qd4 Rb4 29. h3 Qe5 30. Ra3 Qc7 31. Rg3 Rfb8 32. Rd2 Qe7 33. Re3 Qg5 34. Qg4 Qxg4 35. hxg4 Kf8 36. Ra3 Ne7 37. Rxa5 Nxd5 38. cxd5 Rxg4 39. Ra7 h5 40. d6 Rg6 41. Ra5 Rd8 0-1

[Event "Stillwater Hanken Winter op 2nd"]
[Site "Stillwater"]
[Date "2011.02.21"]
[Round "6"]
[White "Xiong, Jeffery"]
[Black "Johnson, Chuck"]
[Result "1-0"]
[WhiteElo "1880"]
[BlackElo "1840"]
[PlyCount "77"]
[EventDate "2011.02.19"]
[EventType "swiss"]
[EventRounds "7"]
[EventCountry "USA"]
[SourceTitle "CBM 141 Extra"]
[Source "ChessBase"]
[SourceDate "2011.05.03"]
[SourceVersion "1"]
[SourceVersionDate "2011.05.03"]
[SourceQuality "1"]

1. d4 d5 2. c4 e6 3. Nc3 Nf6 4. Bg5 Be7 5. Nf3 0-0 6. e3 h6 7. Bh4 b6 8. cxd5 exd5 9. Bd3 Be6 10. 0-0 c5 11. Rc1 Nbd7 12. h3 a6 13. Bb1 Rc8 14. Qc2 cxd4 15. Nxd4 Ne4 16. Bxe7 Qxe7 17. Nde2 Rc4 18. Nf4 Qc5 19. Nxe4 Rxc2 20. Nxc5 Rxc5 21. Rfd1 Rfc8 22. Rxc5 Rxc5 23. Nd3 Rc7 24. Kh2 a5 25. a3 Kf8 26. Ba2 Rc2 27. Bb3 Re2 28. Kg3 Nc5 29. Kf3 Nxd3 30. Kxe2 Nxb2 31. Rb1 Nc4 32. Bxc4 dxc4 33. Rxb6 Ke7 34. Kd2 Kd7 35. Ra6 a4 36. Kc3 h5 37. Rxa4 Kc6 38. Rxc4+ Bxc4 39. Kxc4 1-0

[Event "Stillwater Hanken Winter op 2nd"]
[Site "Stillwater"]
[Date "2011.02.20"]
[Round "3"]
[White "Crumpler, Ken"]
[Black "Johnson, Chuck"]
[Result "0-1"]
[WhiteElo "1758"]
[BlackElo "1840"]
[PlyCount "70"]
[EventDate "2011.02.19"]
[EventType "swiss"]
[EventRounds "7"]
[EventCountry "USA"]
[SourceTitle "CBM 141 Extra"]
[Source "ChessBase"]
[SourceDate "2011.05.03"]
[SourceVersion "1"]
[SourceVersionDate "2011.05.03"]
[SourceQuality "1"]

1. e4 e5 2. Nf3 Nc6 3. d4 exd4 4. Bc4 Nf6 5. e5 d5 6. Bb5 Ne4 7. Nxd4 Bd7 8. Bxc6 bxc6 9. e6 Bxe6 10. Nxc6 Qh4 11. Be3 Bd6 12. Nd2 Bg4 13. Nf3 Qh5 14. Qe2 0-0 15. 0-0-0 Rfe8 16. h3 Bxf3 17. Qxf3 Qxf3 18. gxf3 Nf6 19. Bxa7 Bf4+ 20. Kb1 Re6 21. Nd4 Rxa7 22. Nxe6 fxe6 23. Rd3 Kf7 24. Rb3 Nd7 25. Rb4 Bd6 26. Rg4 Nf6 27. Rd4 c5 28. Rd2 Bf4 29. Rd3 c4 30. Ra3 Rb7 31. b3 Nd7 32. Ka1 Be5+ 33. Kb1 Bd4 34. Kc1 Ne5 35. bxc4 Bb2+ 0-1

[Event "North American op 28th"]
[Site "Stillwater"]
[Date "2010.05.30"]
[Round "8"]
[White "Johnson, Chuck"]
[Black "Luscomb, David"]
[Result "1-0"]
[WhiteElo "1742"]
[BlackElo "1856"]
[PlyCount "51"]
[EventDate "2010.05.28"]
[EventType "swiss"]
[EventRounds "10"]
[EventCountry "USA"]
[SourceTitle "CBM 136 Extra"]
[Source "ChessBase"]
[SourceDate "2010.07.02"]
[SourceVersion "2"]
[SourceVersionDate "2010.07.15"]
[SourceQuality "1"]

1. e4 Nc6 2. d4 e5 3. c3 Nf6 4. d5 Ne7 5. Bd3 Ng6 6. Ne2 Bc5 7. 0-0 0-0 8. b4 Bb6 9. Na3 a6 10. Nc4 Ba7 11. a4 d6 12. Be3 Bxe3 13. Nxe3 Nh5 14. g3 Nhf4 15. gxf4 exf4 16. Nf5 Qg5+ 17. Kh1 Ne5 18. Rg1 Ng4 19. Rxg4 Qxg4 20. Ned4 Qg5 21. Qf3 g6 22. Rg1 Qf6 23. Qxf4 Kh8 24. Qh6 Bd7 25. Rg3 Rg8 26. Qxh7+ 1-0

[Event "North American op 28th"]
[Site "Stillwater"]
[Date "2010.05.28"]
[Round "2"]
[White "Johnson, Chuck"]
[Black "Wall, Brian D"]
[Result "0-1"]
[WhiteElo "1742"]
[BlackElo "2200"]
[PlyCount "122"]
[EventDate "2010.05.28"]
[EventType "swiss"]
[EventRounds "10"]
[EventCountry "USA"]
[SourceTitle "CBM 136 Extra"]
[Source "ChessBase"]
[SourceDate "2010.07.02"]
[SourceVersion "2"]
[SourceVersionDate "2010.07.15"]
[SourceQuality "1"]

1. d4 Nc6 2. Nf3 f6 3. e4 d6 4. c3 e5 5. Be3 h5 6. Bc4 Nh6 7. h3 Nf7 8. Nbd2 g5 9. Qe2 Bd7 10. 0-0-0 Rb8 11. Nb3 a6 12. Kb1 Qe7 13. d5 Ncd8 14. Bd3 c5 15. c4 Rh7 16. Nfd2 Nh8 17. g3 Ng6 18. f3 h4 19. g4 Kf7 20. Rc1 Kg8 21. Rh2 Be8 22. Qf1 b5 23. Qg1 Qa7 24. Ka1 Rhb7 25. Na5 Rc7 26. b4 bxc4 27. Ndxc4 Rxb4 28. a3 Rb5 29. Ra2 Nb7 30. Bd2 Nf4 31. Bf1 Nxa5 32. Nxa5 Qb8 33. Bxb5 axb5 34. Bxf4 exf4 35. a4 f5 36. gxf5 Bg7+ 37. Kb1 bxa4+ 38. Kc2 Qb5 39. Qxg5 Qxa5 40. f6 Qb4 41. Rb2 Qc4+ 42. Kb1 Qd3+ 43. Ka2 a3 44. Rg2 Qxf3 45. Qg4 Qxe4 46. Qe6+ Qxe6 47. dxe6 Kf8 48. fxg7+ Rxg7 49. Rxg7 Kxg7 50. Rf1 Kf6 51. Rxf4+ Kxe6 52. Kxa3 d5 53. Kb3 Bb5 54. Rxh4 d4 55. Rh5 c4+ 56. Kb4 c3 57. Kb3 Be2 58. Rg5 Bd1+ 59. Ka2 d3 60. Rc5 d2 61. Kb1 Ba4 0-1

[Event "Red River Shootout 08th"]
[Site "Davis"]
[Date "2010.04.18"]
[Round "1"]
[White "Chiang, Jonathan"]
[Black "Johnson, Chuck"]
[Result "0-1"]
[WhiteElo "1623"]
[BlackElo "1750"]
[PlyCount "104"]
[EventDate "2010.04.18"]
[EventType "team-match"]
[EventRounds "2"]
[EventCountry "USA"]
[SourceTitle "CBM 136 Extra"]
[Source "ChessBase"]
[SourceDate "2010.07.02"]
[SourceVersion "2"]
[SourceVersionDate "2010.07.15"]
[SourceQuality "1"]

1. e4 c5 2. Nf3 Nc6 3. d4 cxd4 4. Nxd4 Nf6 5. Nc3 e6 6. Ndb5 d6 7. Bf4 e5 8. Bg5 a6 9. Na3 Be6 10. Nd5 Bxd5 11. exd5 Qa5+ 12. c3 Qxd5 13. Bxf6 Qxd1+ 14. Rxd1 gxf6 15. Nc4 0-0-0 16. Nb6+ Kb8 17. Bc4 Ka7 18. Nd5 f5 19. Ne3 f4 20. Nf5 Rg8 21. 0-0 Rg5 22. Nh4 f5 23. Nf3 Rg6 24. Rfe1 e4 25. Nd4 Ne5 26. Bd5 Bh6 27. f3 exf3 28. Nxf3 Ng4 29. Re7 Rg7 30. Rxg7 Bxg7 31. Re1 Be5 32. Be6 Ne3 33. h3 Re8 34. Bb3 Re7 35. Re2 Rg7 36. Rd2 Kb8 37. a3 Kc7 38. Ba2 b5 39. Bb3 Kc6 40. Rf2 Bf6 41. Nd4+ Bxd4 42. cxd4 f3 43. Rxf3 Rxg2+ 44. Kh1 Re2 45. Be6 a5 46. Kg1 f4 47. b3 Nc2 48. Rc3+ Kb6 49. d5 Nd4 50. Kf1 Re3 51. Rc8 Nxe6 52. Re8 Nd4 0-1

[Event "Red River Shootout 08th"]
[Site "Davis"]
[Date "2010.04.18"]
[Round "2"]
[White "Johnson, Chuck"]
[Black "Chiang, Jonathan"]
[Result "1/2-1/2"]
[WhiteElo "1750"]
[BlackElo "1623"]
[PlyCount "67"]
[EventDate "2010.04.18"]
[EventType "team-match"]
[EventRounds "2"]
[EventCountry "USA"]
[SourceTitle "CBM 136 Extra"]
[Source "ChessBase"]
[SourceDate "2010.07.02"]
[SourceVersion "2"]
[SourceVersionDate "2010.07.15"]
[SourceQuality "1"]

1. d4 Nf6 2. c4 c5 3. d5 b5 4. cxb5 a6 5. bxa6 Bxa6 6. g3 d6 7. Bg2 g6 8. b3 Bg7 9. Bb2 0-0 10. Nh3 Nbd7 11. Na3 Rb8 12. 0-0 c4 13. Bc3 cxb3 14. axb3 Qb6 15. b4 Rfc8 16. Bd2 Ne5 17. Re1 Nc4 18. Nxc4 Bxc4 19. e4 Ng4 20. Qxg4 Bxa1 21. Rxa1 Qd4 22. Rd1 Bb3 23. Ng5 Bxd1 24. Qxd1 Ra8 25. Qf3 f6 26. Qe3 Ra1+ 27. Bf1 Qc4 28. Be1 Qc1 29. Nf3 Ra3 30. Qxc1 Rxc1 31. Bd2 Rd1 32. Be3 Raa1 33. Nd2 Ra3 34. Nf3 1/2-1/2